| 000 | 01694cam a2200265 4500 | ||
|---|---|---|---|
| 001 | L159053 | ||
| 008 | 040913n2015 000 0 eng u | ||
| 035 | _a(Sirsi) u159053 | ||
| 041 | _aeng | ||
| 110 | 2 |
_aInternational Workplace _96143 |
|
| 245 | 0 | 0 |
_aRICS strategic facilities management _bcase studies: June 2015 _h[electronic resource] |
| 260 |
_aLondon _bRICS _c2015 |
||
| 490 | 0 | _aRICS Research | |
| 505 | 2 | _aForeword -- Critical FM: Delivering strategic FM services at a major events venue -- Critical FM: Facilitating business and pleasure at the world?s busiest airport -- Critical FM: How introducing smart working practices has helped National Grid create a sustainable legacy -- Critical FM: Procurement via partnership ? FM in health and social care -- Critical FM: Providing specialist Facilities Management consultancy services in the United Arab Emirates -- Critical FM: Working to deliver FM services at the largest dedicated rugby union venue in the world | |
| 520 | _aThis third edition of RICS case studies builds on the first two editions to further illustrate the strategic role FM plays in a range of different businesses, and the significant contribution FM can make to the performance and success of an organisation. | ||
| 650 | 2 | 4 | _aStrategic Facilities Management |
| 651 | 4 | _aENGLAND AND WALES | |
| 690 |
_aFacilities management _96240 |
||
| 700 | 1 | _aDavies, Alex | |
| 700 | 1 | _aSharp, David | |
| 700 | 1 | _aBean, Sara | |
| 710 | 1 |
_aRoyal Institution of Chartered Surveyors _94900 |
|
| 856 | 4 | 8 |
_uhttps://www.rics.org/Global/RICS%20STRATEGIC%20FM%20CASE%20STUDIES%20JUNE%202015%20-%20220615.pdf _zView the item free of charge from www.rics.org |
| 942 | _n0 | ||
| 999 |
_c115650 _d115650 |
||